000 00387cam a2200157ua 4500
003 OSt
008 250527b |||||||| |||| 00| 0 eng d
041 _aeng
082 _a624.171
_bRED/BA
100 _aReddy, C.S .
_97501
245 _aBasic structural analysis /
250 _a1 /
260 _a :
_bTata Mc-Graw Hill Publishing Company ,
_c1990.
300 _a594 ; .
942 _cBK
999 _c1316
_d1316